Tính toán cấu kiện bê tông cốt thép

Nhằm cung cấp tài liệu cho sinh viên ngành Xây dựng Dân dụng và Công nghiệp và cũng là tài liệu tham khảo cho các kỹ sư thiết kế và thi công. Nội dung giáo trình bao gồm các nguyên tắc, phương pháp tính toán và cấu tạo các điều kiện bêtông...

Descrición completa

Gardado en:
Detalles Bibliográficos
Autor Principal: Nguyễn, Hữu Lân
Formato: Libro
Idioma:Undetermined
Publicado: Hà Nội Xây dựng 2010
Những chủ đề:
Các nhãn: Engadir etiqueta
Sen Etiquetas, Sexa o primeiro en etiquetar este rexistro!
Thư viện lưu trữ: Trung tâm Học liệu Trường Đại học Cần Thơ
LEADER 01105nam a2200205Ia 4500
001 CTU_169000
008 210402s9999 xx 000 0 und d
020 |c 48000 
082 |a 624.18341 
082 |b L105 
100 |a Nguyễn, Hữu Lân 
245 0 |a Tính toán cấu kiện bê tông cốt thép 
245 0 |c Nguyễn Hữu Lân 
260 |a Hà Nội 
260 |b Xây dựng 
260 |c 2010 
520 |a Nhằm cung cấp tài liệu cho sinh viên ngành Xây dựng Dân dụng và Công nghiệp và cũng là tài liệu tham khảo cho các kỹ sư thiết kế và thi công. Nội dung giáo trình bao gồm các nguyên tắc, phương pháp tính toán và cấu tạo các điều kiện bêtông cốt thép cơ bản. Đó là cơ sở thiết kế các công trình dân dụng và công nghiệp. 
650 |a Kết cấu bêtông cốt thép,Reinforced concrete 
904 |i Trọng Hiếu 
980 |a Trung tâm Học liệu Trường Đại học Cần Thơ